|
|
|
|
| LEADER |
01161nam a2200277 4500 |
| 001 |
00023388 |
| 008 |
111121s2002 bg w 000 0 mul d |
| 040 |
|
|
|a BD-DhAAL
|c BD-DhAAL
|
| 082 |
0 |
0 |
|a 348.5492/046
|2 22
|
| 130 |
0 |
|
|a BLD
|
| 245 |
0 |
0 |
|a Bangladesh Legal Decisions,
|n volume no.22 /
|c acting editor Shafique Ahmed, editor Sheela R. Rahman.
|
| 246 |
1 |
7 |
|a B.L.D.
|
| 260 |
|
|
|a Dhaka :
|b Bangladesh Bar Council,
|c 2002
|
| 300 |
|
|
|a Various pagings ;
|c 24 cm.
|
| 362 |
0 |
|
|a Vol.XXII,2002
|
| 500 |
|
|
|a REGN. NO. DA513, Volume XXII
|
| 590 |
|
|
|a Published yearly.
|
| 541 |
|
|
|e 00023388
|
| 650 |
|
0 |
|a Law reports, digests, etc.
|z Bangladesh.
|
| 700 |
1 |
|
|a Ahmed,Shafique
|
| 700 |
1 |
|
|a Rahman,Sheela R.
|
| 710 |
1 |
|
|a Bangladesh Bar Council.
|
| 852 |
1 |
|
|a Ayesha Abed Library
|j General shelf
|
| 999 |
|
|
|c 11464
|d 11464
|
| 952 |
|
|
|0 0
|1 0
|2 ddc
|4 0
|6 348_549204600000000_BAN
|7 0
|8 REF
|9 18626
|a BRACUL
|b BRACUL
|c CIR
|d 2011-11-21
|l 2
|o 348.5492046 BAN
|p 3010023388
|r 2012-07-24
|s 2012-07-24
|t 1
|w 2011-11-21
|y 1HOUR
|
| 952 |
|
|
|0 0
|1 0
|2 ddc
|4 0
|6 348_549204600000000_BAN
|7 0
|8 REF
|9 19974
|a BRACUL
|b BRACUL
|c CIR
|d 2012-04-10
|l 4
|o 348.5492046 BAN
|p 3010024543
|r 2013-08-25
|s 2013-08-25
|t 2
|w 2012-04-10
|y 1HOUR
|